| 000 | 00391nam a2200169Ia 4500 | ||
|---|---|---|---|
| 005 | 20140403161500.0 | ||
| 008 | 140130s9999 xx 000 0 und d | ||
| 050 |
_aPZ 7 _b.M821 2007 |
||
| 245 |
_cMorre, Ulysees _aDoor to time, the |
||
| 260 |
_bScholastic, _c2001 |
||
| 300 |
_a222 p. : _c20 cm. |
||
| 440 | _v1 | ||
| 521 | _aG4 | ||
| 526 | _c610 | ||
| 942 |
_cBK _2lcc |
||
| 999 |
_c40766 _d40766 |
||